000
00335nam a2200121Ia 4500
008
170224s9999 xx 000 0 und d
245
4
_a
The psychology of coordination and common knowledge.
260
_b
Journal of Personality and Social Psychology
260
_c
2014
300
_a
107:4
500
_a
October
650
_x
Psychology.
999
_c
316774
_d
316774